Desempleo, una de las peores facetas sociales de la crisis

Kaydedildi:
Detaylı Bibliyografya
Materyal Türü: Metin
Baskı/Yayın Bilgisi: San José, Costa Rica: DEI
Konular:
Etiketler: Etiketle
Etiket eklenmemiş, İlk siz ekleyin!

MARC

LEADER 00000 a a2200000 04500
001 46276
003
040
020 |a 1563-0013  
090 |a REV1626 10(2)2009  
245 |a Desempleo, una de las peores facetas sociales de la crisis  
260 |a San José, Costa Rica:   |b DEI  
650 |a CRISIS ECONOMICA  
650 |a DESEMPLEO  
650 |a OIT  
650 |a AMERICA LATINA  
650 |a EL CARIBE  
650 |a ASPECTOS SOCIALES  
650 |a ASPECTOS ECONOMICOS  
773 |g volumen10, número2 ( mayo, 2009), páginas 8-9  
999 |c 25008  |d 25008